000 00672cam a2200253 a 4500
999 _c47221
_d47221
001 8113247
003 SIRSI
005 20190718084844.0
008 811214s1982 miu b 000 0 eng
010 _a 81022047
020 _a0802819214
035 _a(Sirsi) o08113247
035 _a(Sirsi) 01-AAO-2217
036 _au141948
040 _aDLC
_cDLC
_dTSW
049 _aTSWB
100 1 _aGibbs, Eddie.
245 1 0 _aI believe in church growth /
_cby Eddie Gibbs.
260 _aBedford Square, London :
_bHodder and Stoughton,
_cc1981.
300 _a460 p. ;
_c21 cm.
504 _aBibliography: p. [454]-460.
650 0 _aChurch growth.
942 _2lcc
_cBK